Top 5 Best Nfl Quarterbacks Today (imp) - Statistics

General Stats
  • This quiz has been taken 169 times
  • The average score is 4 of 5
Answer Stats
Hint Answer % Correct
The goat. Tom Brady
100%
He can throw far. Patrick Mahomes
86%
Hurdle God. Josh Allen
82%
Rookie QB, has been good this season. Mac Jones
49%
He just needed a new team. Matthew Stafford
44%
No matching quizzes found
Score Distribution
Percent of People with Each Score
Percentile by Number Answered
Your Score History
You have not taken this quiz